1761 1941 1626 1819 1783 1692 1002 1149 1464 1942 1334 1660 1846 1896 1625 1497 1683 1397 1707 1217 1028 1555 1991 1837 1519 1108 1840 1188 1316 1993 1240 1326 1927 1232 1939 1123 1358 1999 1383 1804 1613 1756 1681 1137 1028 1939 1620 1192 1988 1180 1874 1895 1983 1582 1729 1269 1298 1795 1970 1976 1061 1267 1178 1227 1884 1093 1712 1991 1882 1061 1958 1952 1355 1233 1678 1322 1123 1419 1048 1468 1055 1691 1549 1462 1253 1040 1853 1465 1738 1532 1908 1153 1443 1332 1220 1424 1361 1042 1796 BCNSPRNW ULIB Ver.6.0+V

เปลี่ยนเป็นภาษาไทย

Change to English
 แสดงรายละเอียดบรรณานุกรม
  กลับหน้าหลัก

Brief Record : Get Marc (ISO 2709) : E-mail record : QR code < ปิดหน้าต่าง
LEADER : 00000nam 2200000uu 4500
001    13399122552
003     ULIB
008    020711s2549 th a 000 0 tha d
020    9743414304
020    9789743414305
090    นว.^bอ111ห
100    อาธา คริสตี้,^eเขียน
245    หักเหลี่ยมทนาย./^cอาธา คริสตี้ ; เขียน , ดวงตา ; แปล
250    พิมพ์ครั้งที่ 1
260    กรุงเทพฯ :^bสร้างสรรค์บุ๊คส์,^c2549
300    249 หน้า
700 1  ดวงตา,^eแปล
945    ^p110^l0^i20000
999    ^aทศพร เกษรทอง
รายการนี้ยังไม่มีแท็ก
คุณยังไม่ได้ล็อกอิน คุณสามารถมีกิจกรรมร่วมกับเว็บไซต์ได้ แต่ต้องล็อกอินก่อน ::
  ล็อกอิน

รายการสื่อสารสนเทศ

ลำดับที่ ประเภท เลขเรียก/บาร์โค้ด สถานที่ สถานะ
1. นวนิยาย
นวนิยาย
นว. อ111ห ฉ.1 
  Barcode: 20000
ห้องสมุดวิทยาเขตสวรรค์ประชารักษ์
►นวนิยาย
บนชั้น
  ขอยืม

BibComment


ยังไม่เคยถูกคอมเมนท์

คอมเมนท์ทรัพยากรรายการนี้
  คอมเมนท์: หักเหลี่ยมทนาย อา..


 Copyright 2026. Bcnsprnw @Library